000 02046cam a22004934i 4500
003 PE-LiUPU
005 20250731173325.0
008 150625s r 000 0 d
020 _a0802810144
035 _a(Sirsi) i9780802810144
040 _aPE-LiUPU
_bspa
_cPE-LiUPU
_erda
049 _aPRUA
082 0 4 _a232
_bL82
_221
100 1 _aLongnecker, Richard N.,
_eautor.
245 1 0 _aContours of Christology in the New Testament /
_cRichard N. Longenecker.
264 1 _aMichigan :
_bWm. B. Eerdmans Publishing Co.,
_c2005.
300 _a345 páginas ;
_c23 centímetros
336 _atext
_2rdacontent
337 _aunmediated
_2rdamedia
338 _avolume
_2rdacarrier
505 0 _aThe setting. -Gospels and acts. -Pauline letters. -Hebrews, Catholic Epistles, and Apocalipse.
526 _aSEG42
526 _aSEG41
526 _aSEG40
526 _aSEG39
526 _aP94
526 _aP87
526 _aP86
526 _aP85
526 _aP77
526 _aP76
526 _aP35
541 _g103-8190058-5681041;
541 _g8163566;
600 1 _aJesucristo
_xHistoria de las doctrinas
_yIglesia primitiva, ca. 30-600
_vCongresos
630 _aBiblia.
_pN.T.
_xTEOLOGIA
_vCongresos.
942 _2ddc
_cBOOK
949 _a232 L82
_wDEWEY
_c1
_i58652
_lCCODEBUL1
_mBUL
_p22.00
_r0
_sY
_tBOOK
_u2015-6-25
_xTEOLOGIA
_zUNKNOWN
_0COMPRA
_o.STAFF. Colección General
949 _a232 L82
_wDEWEY
_c2
_i57917
_lCCODEBUL1
_mBUL
_p29.00
_r0
_sY
_tBOOK
_u2015-6-25
_xTEOLOGIA
_zUNKNOWN
_0COMPRA
_o.STAFF. Colección General
994 _aC0
_bPEPRU
596 _a1
999 _a232 L82
_wDEWEY
_c46899
_i58652
_f2021-11-10
_g5
_lCCODEBUL1
_mBUL
_p22.00
_r0
_sY
_tBOOK
_u2015-6-25
_xTEOLOGIA
_zUNKNOWN
_0COMPRA
_o.STAFF. Colección General
_d46899
999 _a232 L82
_wDEWEY
_c2
_i57917
_f2021-11-10
_g5
_lCCODEBUL1
_mBUL
_p29.00
_r0
_sY
_tBOOK
_u2015-6-25
_xTEOLOGIA
_zUNKNOWN
_0COMPRA
_o.STAFF. Colección General
980 _81
_gALBERTO SANCHEZ Responsable de Automatización